Normal view
MARC view
- اعداد هارون، جهاد إسماعيل، اعداد الفاخري، سوسن عادل
Entry Personal Name
001 - CONTROL NUMBER
- control field: 57781
003 - CONTROL NUMBER IDENTIFIER
- control field: JO-AjAnu
005 - DATE AND TIME OF LATEST TRANSACTION
- control field: 20230606083447.0
008 - FIXED-LENGTH DATA ELEMENTS
- fixed length control field: 230606|| aca||aabn | a|a d
040 ## - CATALOGING SOURCE
- Original cataloging agency: JO-AjAnu
- Transcribing agency: JO-AjAnu
100 ## - HEADING--PERSONAL NAME
- Personal name: اعداد هارون، جهاد إسماعيل، اعداد الفاخري، سوسن عادل
670 ## - SOURCE DATA FOUND
- Source citation: Work cat.: (JO-AjAnu)29481: اعداد هارون، جهاد إسماعيل، اعداد الفاخري، سوسن عادل , author, العقبة تاريخ وحضارة